|
|
|
|
| LEADER |
00000naa2a2200000 4500 |
| 001 |
396806 |
| 005 |
20240723144551.0 |
| 035 |
|
|
|a (RuTPU)RU\TPU\prd\35271
|
| 090 |
|
|
|a 396806
|
| 100 |
|
|
|a 20050425a2004 k y0rusy50 ca
|
| 101 |
0 |
|
|a rus
|
| 102 |
|
|
|a RU
|
| 200 |
1 |
|
|a Варианты утилизации нефтяного газа
|f И. В. Гончаров, Н. В. Новикова, С. С. Делгер
|
| 225 |
1 |
|
|a Техника и технология добычи нефти
|
| 320 |
|
|
|a Библиогр.: 9 назв.
|
| 461 |
|
0 |
|0 (RuTPU)RU\TPU\prd\1638
|x 0028-2448
|t Нефтяное хозяйство
|o научно-технический производственный журнал
|d 1925-1940, 1946-
|
| 463 |
|
0 |
|0 (RuTPU)RU\TPU\prd\26926
|t № 6
|v С. 87-89
|d 2004
|
| 610 |
1 |
|
|a нефтяные газы
|
| 610 |
1 |
|
|a попутный газ
|
| 610 |
1 |
|
|a утилизация
|
| 610 |
1 |
|
|a выработка электроэнергии
|
| 610 |
1 |
|
|a нефтяные месторождения
|
| 610 |
1 |
|
|a нефтегазовые месторождения
|
| 610 |
1 |
|
|a труды учёных ТПУ
|
| 675 |
|
|
|a 622.276
|v 3
|
| 700 |
|
1 |
|a Гончаров
|b И. В.
|c геолог
|c профессор Томского политехнического университета, доктор геолого-минералогических наук
|f 1947-
|g Иван Васильевич
|3 (RuTPU)RU\TPU\pers\21956
|9 9275
|
| 701 |
|
1 |
|a Новикова
|b Н. В.
|
| 701 |
|
1 |
|a Делгер
|b С. С.
|
| 801 |
|
1 |
|a RU
|b 63413507
|c 20050425
|g PSBO
|
| 801 |
|
2 |
|a RU
|b 63413507
|c 20131028
|g RCR
|
| 942 |
|
|
|c BK
|